Футбольная викторина 2.0 - Statistics

General Stats
  • This quiz has been taken 181 times
    105 since last reset
  • The average score is 14 of 40
Answer Stats
Вопрос Ответ % Correct
Из какого футбольного клуба Мохаммед Салах перешел в «Ливерпуль»? «Рома»
88%
Кто стал чемпионом Европы по футболу в 2004 году? Греция
87%
На какой позиции в «Реал Мадриде» играл Фернандо Йерро? Защитник
82%
Какой французский клуб завоевывал титул чемпиона страны чаще других? «Пари Сен-Жермен»
78%
Кто является рекордсменом в мире по количеству матчей за национальную сборную? Криштиану Роналду
66%
Президентом какого нового клуба в 2018 году стал Дэвид Бекхэм? «Интер Майами»
64%
В составе какой сборной стал чемпионом мира отец Тьяго Алькантары? Бразилия
61%
На какой футбольный клуб наложил проклятие Бела Гуттманн? «Бенфика»
58%
Из какого города футбольный клуб «Фейеноорд»? Роттердам
54%
Какой футболист стал лицом игры FIFA 17? Марко Ройс
54%
В каком году Фабио Гроссо стал чемпионом мира? 2006
51%
В составе какого клуба Александар Митрович стал лучший бомбардиром чемпионата Бельгии? «Андерлехт»
49%
«В 1969 году я завязал с алкоголем и женщинами. Это были худшие 20 минут в моей жизни». Чья это цитата? Джордж Бест
48%
Какой колумбийский вратарь исполнил «удар скорпиона» 6 сентября 1995 года? Рене Игита
47%
Под каким номером Бастиан Швайнштайгер играл во всех своих клубах? 31
47%
В каком городе родился Райан Гиггз? Кардифф
45%
Из какого клуба Джуд Беллингем перешел в дортмундскую «Боруссию»? «Бирмингем Сити»
44%
Под каким номером Яя Туре выступал в «Манчестер Сити»? 42
44%
Все матчи первого чемпионата мира прошли в одном городе. В каком? Монтевидео
39%
Кто является рекордсменом по количеству забитых голов в истории сборной Сербии? Александар Митрович
39%
В составе какой команды Алан Ширер стал чемпионом Англии? «Блэкберн Роверс»
34%
Какая французская команда проводила домашние матчи на стадионе «Жерлан»? «Олимпик Лион»
33%
Какой футболист в 2011 году уронил Кубок Испании по футболу под колеса автобуса? Серхио Рамос
31%
Кому в 2006 году «Мидлсбро» проиграл в финале Кубка УЕФА? «Севилья»
28%
Сколько мячей за сборную забил Эйсебио? 41
28%
Какой футбольный клуб стал последним в карьере Пеле? «Нью-Йорк Космос»
26%
Чьим именем назван символический клуб, объединяющий советских и российских футболистов, забивших за карьеру 100 и больше голов? Григорий Федотов
20%
Какая команда проводит свои домашние матчи на «Айброкс»? «Рейнджерс»
17%
В каком году была основана ФИФА? 1904
16%
На каком стадионе с 1998 по 2011 годы проводили матчи за Суперкубок УЕФА? Луи II
12%
В каком клубе провел большую часть своей карьеры Гарринча? «Ботафого»
10%
У какой азиатской сборной прозвище «Белые волки»? Узбекистан
9%
Кто был признан лучшим африканским игроком четыре раза подряд с 2011 по 2014 год? Дидье Дрогба
9%
Владельцем какого клуба дважды являлся британский певец Элтон Джон? «Уотфорд»
8%
В каком году был основан футбольный клуб «Трабзонспор»? 1967
8%
«Чайки летят за траулером, потому что думают, что сардин выбросят в море». Чья это цитата? Эрик Кантона
6%
В дебютном матче за «Манчестер Юнайтед» Уэйн Руни забил хет-трик в ворота этой команды. «Фенербахче»
6%
Из какой мексиканской команды Рафаэль Маркес перебрался в Европу? «Атлас»
1%
Кто был капитаном сборной Бразилии в 1970 году? Тостао
1%
Чьим именем названа улица, на которой находится стадион «Атлетико Мадрид»? Луис Арагонес
0%
No matching quizzes found
Score Distribution
Percent of People with Each Score
Percentile by Number Answered
Your Score History
You have not taken this quiz since the last reset